Places To Study
There are group study rooms, individual study carrels, computer labs, and other spaces to study in the Libraries.
Reserve A Group Room| 000 -LEADER | |
|---|---|
| fixed length control field | 00997nam a22001937a 4500 |
| 003 - CONTROL NUMBER IDENTIFIER | |
| control field | OSt |
| 005 - DATE AND TIME OF LATEST TRANSACTION | |
| control field | 20251216095113.0 |
| 008 - FIXED-LENGTH DATA ELEMENTS--GENERAL INFORMATION | |
| fixed length control field | 251216b |||||||| |||| 00| 0 eng d |
| 040 ## - CATALOGING SOURCE | |
| Transcribing agency | DCL |
| 082 ## - DEWEY DECIMAL CLASSIFICATION NUMBER | |
| Classification number | ၂၉၄.၃၈၂၄ |
| 100 0# - MAIN ENTRY--PERSONAL NAME | |
| Personal name | ဟန်၊ |
| Titles and words associated with a name | ဆရာ၊ ဆုထူးပန်- |
| 245 10 - TITLE STATEMENT | |
| Title | ဆူထူးပန်အဘိဓမ္မာ (ဒုတိယအဆင့်) / |
| Statement of responsibility, etc. | ဆုထူးပန် ဆရာဟန်၊ တည်းဖြတ်သူ အရှင်ဝိစိတ္တသာရ။ |
| 260 ## - PUBLICATION, DISTRIBUTION, ETC. | |
| Place of publication, distribution, etc. | ရန်ကုန် ၊ |
| Name of publisher, distributor, etc. | ရွှေပင့်ကူစာပေတိုက်၊ |
| Date of publication, distribution, etc. | ၁၉၉၈။ |
| 300 ## - PHYSICAL DESCRIPTION | |
| Extent | ၃၂၉ စာမျက်နှာ ၊ |
| Dimensions | ၂၈ စင်တီ။ |
| 500 ## - GENERAL NOTE | |
| General note | ကျမ်းကိုးစာရင်းပါသည်။ |
| 650 ## - SUBJECT ADDED ENTRY--TOPICAL TERM | |
| Topical term or geographic name entry element | အဘိဓမ္မာ။ |
| 700 ## - ADDED ENTRY--PERSONAL NAME | |
| Personal name | ဝိစိတ္တသာရ၊ အရှင် |
| Relator term | တည်းဖြတ်သူ |
| 942 ## - ADDED ENTRY ELEMENTS (KOHA) | |
| Source of classification or shelving scheme | Dewey Decimal Classification |
| Koha item type | Short Term |
| Suppress in OPAC | No |
| Withdrawn status | Lost status | Source of classification or shelving scheme | Damaged status | Not for loan | Collection | Accession No. | Home library | Current library | Shelving location | Date acquired | Total checkouts | Full call number | Barcode | Date last seen | Price effective from | Koha item type |
|---|---|---|---|---|---|---|---|---|---|---|---|---|---|---|---|---|
| Dewey Decimal Classification | Myanmar Collection | ၆၅၀ | Dhammadhara | Dhammadhara | Myanmar Shelves | 16/12/2025 | ၂၉၄.၃၈၂၄ ဟန် ၆၅၀ | MB00000650 | 16/12/2025 | 16/12/2025 | Short Term |